<?xml version="1.0" encoding="UTF-8"?>
<record
    xmlns:xsi="http://www.w3.org/2001/XMLSchema-instance"
    xsi:schemaLocation="http://www.loc.gov/MARC21/slim http://www.loc.gov/standards/marcxml/schema/MARC21slim.xsd"
    xmlns="http://www.loc.gov/MARC21/slim">

  <leader>02099nab a2200277uuc4500</leader>
  <controlfield tag="001">1566615</controlfield>
  <controlfield tag="005">20240202135312.0</controlfield>
  <controlfield tag="008">220127m01uu2020                    spa  </controlfield>
  <datafield tag="035" ind1=" " ind2=" ">
    <subfield code="a">1566615</subfield>
  </datafield>
  <datafield tag="040" ind1=" " ind2=" ">
    <subfield code="c">comduadb</subfield>
  </datafield>
  <datafield tag="041" ind1=" " ind2=" ">
    <subfield code="a">spa</subfield>
  </datafield>
  <datafield tag="100" ind1="1" ind2="0">
    <subfield code="a">Jim&#xE9;nez Prado, Pedro</subfield>
    <subfield code="4">aut</subfield>
    <subfield code="e">aut</subfield>
    <subfield code="9">750558</subfield>
  </datafield>
  <datafield tag="245" ind1="1" ind2="0">
    <subfield code="a">Efectos de la especie invasora Poecilia gillii (Cyprinodontiformes: Poeciliidae) sobre Pseudopoecilia fria en r&#xED;os costeros de la regi&#xF3;n del Choc&#xF3;, Ecuador</subfield>
  </datafield>
  <datafield tag="336" ind1=" " ind2=" ">
    <subfield code="a">texto</subfield>
    <subfield code="b">txt</subfield>
    <subfield code="0">(uri)http://www.rdaregistry.info/termList/RDAContentType/#1020</subfield>
    <subfield code="2">rdacontent</subfield>
  </datafield>
  <datafield tag="520" ind1="3" ind2=" ">
    <subfield code="a">RESUMEN: Una de las causas que aportan a la disminuci&#xF3;n de la biodiversidad es la introducci&#xF3;n de especies ex&#xF3;ticas que muchas veces terminan siendo invasoras, y por lo tanto terminan compitiendo con especies locales. Esta competencia no siempre es equitativa ya que las especies invasoras com&#xFA;nmente cuentan con ventajas adaptativas que le otorgan beneficios ante las especies locales. Este estudio realizado en microcuencas del noroccidente del Ecuador identifica los efectos de la reciente presencia de Poecilia gillii sobre la especie nativa Pseudopoecilia fria; mediante un an&#xE1;lisis poblacional (distribuci&#xF3;n longitudinal, par&#xE1;metros de crecimiento y morfometr&#xED;a). Los resultados muestran un desplazamiento de P. fria hacia la parte alta del r&#xED;o, un aceleramiento en su crecimiento y por lo tanto una madurez anticipada con la consecuente disminuci&#xF3;n del tama&#xF1;o corporal y finalmente un cambio en el alto del cuerpo con deslizamiento posterior de la aleta pectoral.</subfield>
  </datafield>
  <datafield tag="650" ind1=" " ind2="7">
    <subfield code="a">Especies introducidas</subfield>
    <subfield code="2">dcs</subfield>
    <subfield code="9">140420</subfield>
  </datafield>
  <datafield tag="650" ind1=" " ind2="7">
    <subfield code="a">Especies introducidas</subfield>
    <subfield code="2">dcs</subfield>
    <subfield code="9">140420</subfield>
  </datafield>
  <datafield tag="650" ind1=" " ind2=" ">
    <subfield code="a">Peces - Ecuador</subfield>
    <subfield code="9">152199</subfield>
  </datafield>
  <datafield tag="650" ind1=" " ind2=" ">
    <subfield code="a">Peces end&#xE9;micos</subfield>
    <subfield code="9">228331</subfield>
  </datafield>
  <datafield tag="650" ind1=" " ind2=" ">
    <subfield code="a">Poecilidos</subfield>
    <subfield code="9">59611</subfield>
  </datafield>
  <datafield tag="700" ind1="1" ind2="0">
    <subfield code="a">V&#xE1;squez, Fernando</subfield>
    <subfield code="4">aut</subfield>
    <subfield code="e">aut</subfield>
  </datafield>
  <datafield tag="700" ind1="1" ind2="0">
    <subfield code="a">Taphorn B., Donald C.</subfield>
    <subfield code="4">aut</subfield>
    <subfield code="e">aut</subfield>
    <subfield code="9">547547</subfield>
  </datafield>
  <datafield tag="700" ind1="1" ind2="0">
    <subfield code="a">Rodriguez Olarte, Douglas</subfield>
    <subfield code="4">aut</subfield>
    <subfield code="e">aut</subfield>
    <subfield code="9">413541</subfield>
  </datafield>
  <datafield tag="773" ind1="0" ind2=" ">
    <subfield code="t">Revista de Biolog&#xED;a Tropical (San Jos&#xE9;)</subfield>
    <subfield code="g">Volumen 68, N&#xFA;mero 01, Enero de 2020, 122-138</subfield>
    <subfield code="w">104773</subfield>
    <subfield code="x">0034-7744</subfield>
    <subfield code="0">91049</subfield>
  </datafield>
  <datafield tag="942" ind1=" " ind2=" ">
    <subfield code="c">ARIMP</subfield>
  </datafield>
  <datafield tag="999" ind1=" " ind2=" ">
    <subfield code="c">845894</subfield>
    <subfield code="d">845894</subfield>
  </datafield>
</record>
